| 000 | 00616nam a22001817a 4500 | ||
|---|---|---|---|
| 999 |
_c60540 _d60540 |
||
| 005 | 20230816115144.0 | ||
| 008 | 230816s1988 enk||||| |||| 00| 0 eng d | ||
| 020 | _a 8878131385 | ||
| 041 | _aeng | ||
| 080 | _a94+7 A-54 | ||
| 100 |
_aAnderson, Maxwell L. _919679 |
||
| 245 |
_aRoman Portraits in Context : _bImperial and Private Likenesses from the Museo Nazionale Romano / _cMaxwell L. Anderson, Leila Nitsa. |
||
| 264 | _c1988. | ||
| 300 |
_a94 p.: _bill.; _c28 cm. |
||
| 653 | _aრომაული პორტრეტები | ||
| 700 |
_aNitsa, Leila. _eავტორი _919680 |
||
| 942 |
_2udc _cBK |
||